| 000 | 01089cam a2200325 a 4500 | ||
|---|---|---|---|
| 999 |
_c50587 _d50587 |
||
| 001 | 13911327 | ||
| 005 | 20200221170507.0 | ||
| 008 | 050325s2005 stka b 001 0 eng | ||
| 010 | _a 2005273703 | ||
| 020 | _a0443100454 | ||
| 040 |
_aDLC _cDLC _dDLC |
||
| 041 | _aeng | ||
| 050 | 0 | 0 |
_aRB155 _b.E5 2005 |
| 080 | _a616.04 T-95 | ||
| 082 | 0 | 0 |
_a616/.042 _222 |
| 100 | 1 |
_aTurnpenny, Peter D. _97341 |
|
| 245 | 1 | 0 |
_aEmery's elements of medical genetics / _cPeter D. Turnpenny, Sian Ellard. |
| 246 | 3 | 0 | _aElements of medical genetics |
| 250 | _a12th ed. | ||
| 264 |
_aEdinburgh : _bElsevier/Churchill Livingstone, _c2005. |
||
| 300 |
_axii, 443 p. : _bill. (some col.) ; _c28 cm. |
||
| 504 | _aIncludes bibliographical references and index. | ||
| 650 | 0 |
_aMedical genetics. _97342 |
|
| 653 | _aგენეტიკა | ||
| 653 | _aმედიცინა | ||
| 700 | 1 |
_aEllard, Sian. _eავტორი _97343 |
|
| 906 |
_a7 _bcbc _corigcop _d2 _encip _f20 _gy-gencatlg |
||
| 942 |
_2udc _cBK |
||
| 955 |
_apv19 2005-03-25 z-processor to ASCD; _ijc09 2005-04-04 _aaa25 2005-05-13 |
||